Т. 57, № 2; Кинетика и катализ

Dades bibliogràfiques
Parent link:Кинетика и катализ/ Российская академия наук (РАН), Институт органической химии им. Н. Д. Зелинского (ИОХ). Т. 57, № 2.— , 1960-
Idioma:rus
Publicat: 2016
Format: MixedMaterials Llibre
KOHA link:https://koha.lib.tpu.ru/cgi-bin/koha/opac-detail.pl?biblionumber=561715

MARC

LEADER 00000nam2a2200000 4500
001 561715
005 20231101123058.0
035 |a (RuTPU)RU\TPU\prd\256979 
090 |a 561715 
100 |a 20160505a19609999k y0rusy50 ca 
101 0 |a rus 
102 |a RU 
200 0 |a Т. 57, № 2 
210 |d 2016 
461 1 |0 (RuTPU)RU\TPU\prd\215  |t Кинетика и катализ  |f Российская академия наук (РАН), Институт органической химии им. Н. Д. Зелинского (ИОХ)  |v Т. 57, № 2  |d 1960- 
801 0 |a RU  |b 63413507  |c 20010227  |g PSBO 
801 1 |a RU  |b 63413507  |c 20160505 
801 2 |a RU  |b 63413507  |c 20230517  |g RCR 
942 |c BK 
999 |a НТБ_ТПУ  |b НФ  |e -1/20160111  |p П-6727  |s 6/20151117  |u 0,00  |v 1